Ancient America /

Bibliographic Details
Main Author: Leonard, Jonathan Norton, 1903-1975
Corporate Author: Time-Life Books
Format: Book
Language:English
Published: Alexandria, VA : Time-Life Books, 1979
Edition:Rev. ed.
Series:Great ages of man.
Subjects:

MARC

Tag First Indicator Second Indicator Subfields
LEADER 00000cam a2200000 i 4500
001 in00001440607
005 20151020112905.0
008 800725r19791967vau 001 0 eng d
010 |a  67015619  
035 |a (OCoLC)06550929 
035 |9 AJB7916AM 
040 |a MOG  |c MOG  |d OCL  |d TXA  |d UtOrBLW 
049 |a TXAM 
050 0 |a E61  |b .L62 1979 
100 1 |a Leonard, Jonathan Norton,  |d 1903-1975. 
245 1 0 |a Ancient America /  |c by Jonathan Norton Leonard and the editors of Time-Life Books. 
250 |a Rev. ed. 
264 1 |a Alexandria, VA :  |b Time-Life Books,  |c 1979 
264 4 |c ©1967 
300 |a 192 pages :  |b illustrations (part color) maps (part color) portraits ;  |c 28 cm. 
336 |a text  |b txt  |2 rdacontent 
337 |a unmediated  |b n  |2 rdamedia 
338 |a volume  |b nc  |2 rdacarrier 
490 1 |a Great ages of man 
504 |a Includes bibliographical references (page 186) and index. 
536 |a In memory of Dr. Robert Wick ; August, 1998. 
651 0 |a America  |x Antiquities. 
650 0 |a Indians  |x Antiquities. 
710 2 |a Time-Life Books. 
830 0 |a Great ages of man. 
948 |a c:pk 
999 |a MARS 
999 f f |s 036d2fca-50ec-3e51-b27d-5db07690270b  |i 4187b58f-1aef-3bbf-bfaf-9affe61cc8c4  |t 0 
952 f f |p ric  |a Texas A&M University  |b Rellis Campus  |c Joint Library Facility  |d Remote Storage  |t 0  |e E61 .L62 1979  |h Library of Congress classification  |i unmediated -- volume  |m A14823696372 
998 f f |a E61 .L62 1979  |t 0  |l Remote Storage